00350nam a2200109Ia 4500008004100000020002200041041001200063100005600075245005600131260003200187650002100219231221s9999 xx 000 0 und d a978-1-4020-3432-9 aEnglish aBruno Apolloni, Maria Marinaro, Roberto Tagliaferri 0aBiological and Artificial Intelligence Environments c2005bSpringer USaNew York aComputer Science